Amperometric method for simultaneous monitoring of oxygen and hydrogen peroxide concentrations

Bibliographic Details
Main Authors: Vondrák, J. (Author), Wagnerová, D. M. (Author)
Format: Article
Language:English
PhysicalDescription:Obr. 3. Res. rus., angl., lit. 8 zázn. v angl.
Subjects:

MARC

LEADER 00000nab a2200000 a 4500
001 vtls000358714
003 SK-MaSNL
005 20260318141016.0
008 230303c1989 xo 0 eng
015 |a SNBRB19rr/mm-uuuuu 
035 |a CL0358836 
035 |a urn:nbn:sk:snk-ab7hwx 
035 |a (urnnbn)urn:nbn:sk:snk:ar-005tfe 
035 |a (uuid)3453eaeb-a878-4df4-9214-cd8f3923984f 
040 |a SNKBUCL  |b slo  |c SNKBUCL  |e AACR2 
041 0 |a eng 
044 |a xo  |c SK 
080 |a 546.21.215:543.25  |2 1981 
080 |a 543.25  |2 1981 
100 1 |a Vondrák, J.  |4 aut  |9 772987 
245 1 0 |a Amperometric method for simultaneous monitoring of oxygen and hydrogen peroxide concentrations  |c J. Vondrák, D. M. Wagnerová 
300 |b Obr. 3. Res. rus., angl., lit. 8 zázn. v angl. 
650 0 7 |a kyslík  |2 snkbucl  |9 15076 
650 0 7 |a peroxid vodíka  |2 snkbucl  |9 876600 
655 7 |a články z novín a časopisov  |2 snkbucl  |9 267496 
700 1 |a Wagnerová, D. M.  |4 aut  |9 1186364 
773 0 |t Chemical papers. Chemické zvesti  |g Roč. 43, č. 1 (1989), s. 3-8 
850 |a Slovenská národná knižnica v Martine  |a MTA001 
852 |a SNK  |b KIS3GCP 
958 |a OND 
958 |a NB 
958 |a RK 
958 |a CZ 
958 |a EUIPO 
958 |a article7 
992 |a RBX 
999 |c 2057299  |d 2059229